A stationary point for the stochastic frontier likelihood (Registro nro. 26284)

Detalles MARC
000 -LEADER
fixed length control field 00348 a2200109 4500
001 - CONTROL NUMBER
control field ART_12336
005 - DATE AND TIME OF LATEST TRANSACTION
control field 20260410161905.0
008 - FIXED-LENGTH DATA ELEMENTS--GENERAL INFORMATION
fixed length control field 260409a
100 1# - MAIN ENTRY--PERSONAL NAME
Personal name Waldman, Donald M.
245 10 - TITLE STATEMENT
Title A stationary point for the stochastic frontier likelihood
773 0# - HOST ITEM ENTRY
Title Journal of econometrics
Related parts - Vol. 18, Nº 2 (feb. 1982)
Record control number REV11720

No hay ítems disponibles.